Plays. 2nd series / (Record no. 27168)
[ view plain ]
| 000 -LEADER | |
|---|---|
| fixed length control field | 01102cam a22003375i 4500 |
| 001 - CONTROL NUMBER | |
| control field | 9638777 |
| 003 - CONTROL NUMBER IDENTIFIER | |
| control field | OSt |
| 005 - DATE AND TIME OF LATEST TRANSACTION | |
| control field | 20190214160250.0 |
| 008 - FIXED-LENGTH DATA ELEMENTS--GENERAL INFORMATION | |
| fixed length control field | 750904s1913 nyu fr 000 d eng d |
| 020 ## - INTERNATIONAL STANDARD BOOK NUMBER | |
| International Standard Book Number | 9781175767523 |
| 035 ## - SYSTEM CONTROL NUMBER | |
| System control number | (OCoLC)1596978 |
| 040 ## - CATALOGING SOURCE | |
| Original cataloging agency | DLC |
| Transcribing agency | NBuU |
| Modifying agency | OCoLC |
| -- | DLC |
| -- | EG-ScBUE |
| Language of cataloging | eng |
| 041 1# - LANGUAGE CODE | |
| Language code of text/sound track or separate title | swe |
| Language code of original and/or intermediate translations of text | eng |
| 082 04 - DEWEY DECIMAL CLASSIFICATION NUMBER | |
| Edition number | 22 |
| Classification number | 839.72 |
| Item number | STR |
| 100 1# - MAIN ENTRY--PERSONAL NAME | |
| Personal name | Strindberg, August, |
| Dates associated with a name | 1849-1912. |
| 9 (RLIN) | 30805 |
| 245 10 - TITLE STATEMENT | |
| Title | Plays. 2nd series / |
| Statement of responsibility, etc | August Strindberg ; translated with introductions by Edwin Bjorkman. |
| 250 ## - EDITION STATEMENT | |
| Edition statement | authorized ed. |
| 264 #1 - PUBLICATION, DISTRIBUTION, ETC. (IMPRINT) | |
| Place of publication, distribution, etc | New York : |
| Name of publisher, distributor, etc | Charles Scribner's Sons, |
| Date of publication, distribution, etc | 1913. |
| 300 ## - PHYSICAL DESCRIPTION | |
| Extent | 265 pages ; |
| Dimensions | 20 cm. |
| 336 ## - CONTENT TYPE | |
| Source | rdacontent |
| Content type term | txt |
| 337 ## - MEDIA TYPE | |
| Source | rdamedia |
| Media type term | unmediated |
| 338 ## - CARRIER TYPE | |
| Source | rdacarrier |
| Carrier type term | volume |
| 505 ## - FORMATTED CONTENTS NOTE | |
| Formatted contents note | There are crimes and crimes -- Miss Julia -- The stronger -- Creditors -- Pariah |
| 650 #7 - SUBJECT ADDED ENTRY--TOPICAL TERM | |
| Source of heading or term | BUEsh |
| 9 (RLIN) | 41996 |
| Topical term or geographic name as entry element | Swedish drama. |
| 653 ## - INDEX TERM--UNCONTROLLED | |
| Resource For college | Humanities: English |
| Arrived date list | February2019 |
| 700 1# - ADDED ENTRY--PERSONAL NAME | |
| Personal name | Bjorkman, Edwin, |
| Dates associated with a name | 1866-1951, |
| Relator term | translator. |
| 740 4# - ADDED ENTRY--UNCONTROLLED RELATED/ANALYTICAL TITLE | |
| Uncontrolled related/analytical title | The gauntlet. |
| 740 0# - ADDED ENTRY--UNCONTROLLED RELATED/ANALYTICAL TITLE | |
| Uncontrolled related/analytical title | Beyond our power. |
| 740 4# - ADDED ENTRY--UNCONTROLLED RELATED/ANALYTICAL TITLE | |
| Uncontrolled related/analytical title | The new system. |
| 942 ## - ADDED ENTRY ELEMENTS (KOHA) | |
| Source of classification or shelving scheme | Dewey Decimal Classification |
| Koha item type | Book - Borrowing |
| Withdrawn status | Lost status | Source of classification or shelving scheme | Damaged status | Not for loan | Collection code | Home library | Current library | Shelving location | Date acquired | Source of acquisition | Cost, normal purchase price | Serial Enumeration / chronology | Total Checkouts | Full call number | Barcode | Date last seen | Price effective from | Koha item type |
|---|---|---|---|---|---|---|---|---|---|---|---|---|---|---|---|---|---|---|
| Dewey Decimal Classification | Baccah | Central Library | Central Library | Second Floor | 14/02/2019 | Purchase | 179.00 | 15359 | 839.72 STR | 000044251 | 15/07/2025 | 14/02/2019 | Book - Borrowing |